Разработка нефтяных и газовых месторождений (Запись № 12696691)

Подробности
000 -МАРКЕР
контрольное поле 02704nam1a2200385 i 4500
001 - ИДЕНТИФИКАТОР ЗАПИСИ
контрольное поле RU\NLR\BIBL_A\012641313
005 - ИДЕНТИФИКАТОР ВЕРСИИ
контрольное поле 20260405175439.0
010 ## - МЕЖДУНАРОДНЫЙ СТАНДАРТНЫЙ НОМЕР КНИГИ (ISBN)
Номер (ISBN) 9785209106173
035 ## - ДРУГИЕ СИСТЕМНЫЕ НОМЕРА
Идентификатор записи (NLR Aleph) 012641313
100 ## - ДАННЫЕ ОБЩЕЙ ОБРАБОТКИ
Данные общей обработки 20211112g20209999um y0rusy50 ca
101 0# - ЯЗЫК РЕСУРСА
Язык текста, звукозаписи и т.д. русский
102 ## - СТРАНА ПУБЛИКАЦИИ ИЛИ ПРОИЗВОДСТВА
Страна публикации Российская Федерация
105 ## - ПОЛЕ КОДИРОВАННЫХ ДАННЫХ: ТЕКСТОВЫЕ МАТЕРИАЛЫ, МОНОГРАФИЧЕСКИЕ
Кодированные данные о монографическом текстовом документе ||||j||||||||
181 #0 - ПОЛЕ КОДИРОВАННЫХ ДАННЫХ: ВИД СОДЕРЖАНИЯ
Код вида содержания (ISBD) i
Код характеристики содержания (ISBD) axxe
182 #0 - ПОЛЕ КОДИРОВАННЫХ ДАННЫХ: ТИП СРЕДСТВА
Код типа средства (ISBD) n - непосредственное
200 1# - ЗАГЛАВИЕ И СВЕДЕНИЯ ОБ ОТВЕТСТВЕННОСТИ
Основное заглавие Разработка нефтяных и газовых месторождений
Сведения, относящиеся к заглавию конспект лекций
-- учебно-методическое пособие для бакалавров, обучающихся по направлению "Нефтегазовое дело"
-- в трех частях
Первые сведения об ответственности Н.А. Дроздов, А.Н. Дроздов, Я.А. Горбылева, Е.И. Горелкина
Последующие сведения об ответственности Федеральное государственное автономное образовательное учреждение высшего образования "Российский университет дружбы народов", Инженерная академия, Департамент недропользования и нефтегазового дела
203 ## - ВИД СОДЕРЖАНИЯ И ТИП СРЕДСТВА
Вид содержания Текст
Дополнительные сведения об издании визуальный
Тип средства непосредственный
210 ## - ПУБЛИКАЦИЯ, РАСПРОСТРАНЕНИЕ И ДР.
Место издания, распространения и т.д. Москва
Имя издателя, распространителя и т. д. Российский университет дружбы народов
Дата издания, распространения и т.д. 2020
215 ## - ФИЗИЧЕСКАЯ ХАРАКТЕРИСТИКА
Размеры 20
300 ## - ОБЩИЕ ПРИМЕЧАНИЯ
Текст примечания Авт. указаны на обороте тит. с.
606 1# - НАИМЕНОВАНИЕ ТЕМЫ КАК ПРЕДМЕТ
Наименование темы Нефть
Формальный подзаголовок Учебно-методические пособия для высших учебных заведений
Тематический подзаголовок Добыча
Системный номер авторитетной/нормативной записи 1080697
Идентификатор авторитетной/нормативной записи RU\NLR\AUTH\66422365
606 ## - НАИМЕНОВАНИЕ ТЕМЫ КАК ПРЕДМЕТ
Наименование темы Естественные газы
Формальный подзаголовок Учебно-методические пособия для высших учебных заведений
Тематический подзаголовок Добыча
Системный номер авторитетной/нормативной записи 1319948
Идентификатор авторитетной/нормативной записи RU\NLR\AUTH\66232359
686 1# - ИНДЕКСЫ ДРУГИХ КЛАССИФИКАЦИЙ
Индекс В36я73-2
701 #1 - ИМЯ ЛИЦА - АЛЬТЕРНАТИВНАЯ ОТВЕТСТВЕННОСТЬ
Начальный элемент ввода Дроздов
Часть имени, кроме начального элемента ввода Н. А.
Расширение инициалов личного имени Николай Александрович
701 #1 - ИМЯ ЛИЦА - АЛЬТЕРНАТИВНАЯ ОТВЕТСТВЕННОСТЬ
Графика поля Кириллица
Материалы, к которым относится поле rus
Начальный элемент ввода Дроздов
Часть имени, кроме начального элемента ввода А. Н.
Дополнения к именам, кроме дат д-р техн. наук, нефтяная промышленность
Даты 1957-
Расширение инициалов личного имени Александр Николаевич
Идентификатор авторитетной/нормативной записи RU\NLR\AUTH\7776516
Системный номер авторитетной/нормативной записи 59444
701 #1 - ИМЯ ЛИЦА - АЛЬТЕРНАТИВНАЯ ОТВЕТСТВЕННОСТЬ
Начальный элемент ввода Горбылева
Часть имени, кроме начального элемента ввода Я. А.
Расширение инициалов личного имени Яна Алексеевна
701 #1 - ИМЯ ЛИЦА - АЛЬТЕРНАТИВНАЯ ОТВЕТСТВЕННОСТЬ
Начальный элемент ввода Горелкина
Часть имени, кроме начального элемента ввода Е. И.
Расширение инициалов личного имени Евгения Ильинична
712 02 - НАИМЕНОВАНИЕ ОРГАНИЗАЦИИ - ВТОРИЧНАЯ ОТВЕТСТВЕННОСТЬ
Код отношения Прочие
Начальный элемент ввода Российский университет дружбы народов
Структурное подразделение Инженерная академия
-- Департамент недропользования и нефтегазового дела
Системный номер авторитетной/нормативной записи 777643
Идентификатор авторитетной/нормативной записи RU\NLR\AUTH\880555387
852 ## - МЕСТОНАХОЖДЕНИЕ И ШИФР ХРАНЕНИЯ
Идентификатор организации NLR
Шифр хранения (Call Number) 2021-4/11505
942 ## - ДОПОЛНИТЕЛЬНЫЕ ЭЛЕМЕНТЫ ЗАПИСИ (АБИС)
Тип экземпляра АБИС Книга
980 ## - КОЛЛЕКЦИЯ
Название коллекции НБР

Нет доступных экземпляров.